Die paläobotanischen untersuchungsmethoden; (Record no. 26737)

MARC details
000 -LEADER
fixed length control field 00772cam a22002171 4500
001 - CONTROL NUMBER
control field gs 29000237
003 - CONTROL NUMBER IDENTIFIER
control field DLC
005 - DATE AND TIME OF LATEST TRANSACTION
control field 20260227111333.0
008 - FIXED-LENGTH DATA ELEMENTS--GENERAL INFORMATION
fixed length control field 800603s1929 gw a b 000 0 ger c
010 ## - LIBRARY OF CONGRESS CONTROL NUMBER
LC control number gs 29000237
035 ## - SYSTEM CONTROL NUMBER
System control number (OCoLC)6382710
040 ## - CATALOGING SOURCE
Original cataloging agency Library, U.S. Geological Survey
Transcribing agency TxCM
Modifying agency DLC
042 ## - AUTHENTICATION CODE
Authentication code premarc
050 00 - LIBRARY OF CONGRESS CALL NUMBER
Classification number QE905
Item number .K7
100 1# - MAIN ENTRY--PERSONAL NAME
Personal name Kräusel, Richard,
Dates associated with a name 1890-
245 14 - TITLE STATEMENT
Title Die paläobotanischen untersuchungsmethoden;
Remainder of title ein leitfaden für die untersuchung fossiler pflansen sowie der aus ihnen aufgebauten gesteine,
Statement of responsibility, etc. von dr. Richard Kräusel ...
260 ## - PUBLICATION, DISTRIBUTION, ETC.
Place of publication, distribution, etc. Jena,
Name of publisher, distributor, etc. Verlag von G. Fischer,
Date of publication, distribution, etc. 1929.
300 ## - PHYSICAL DESCRIPTION
Extent viii, 86 p. incl. illus.,
Other physical details diagrs.
Dimensions 27 cm.
504 ## - BIBLIOGRAPHY, ETC. NOTE
Bibliography, etc. note Bibliographies scattered throughout.
650 #0 - SUBJECT ADDED ENTRY--TOPICAL TERM
Topical term or geographic name entry element Paleobotany.

No items available.

Powered by Koha